000 00873nam a2200265 a 4500
001 62686
003 BD-RjUL
005 20211209081119.0
008 170125s1951 enk 001 0 eng
035 _a(BD-RjUL)62813
040 _aDLC
_cUMC
_dBD-RjUL
_beng
041 _aeng
082 _223
_bCOV 1951
_a347.2
100 1 _aCollier, Ronald
_913907
245 1 0 _aValuation for compensation and development charges /
_cRonald Collier
260 _aLondon :
_bButterworth,
_cc1951
300 _aA185 p. ;
_c25 cm.
500 _a"Reprinted from Butterworths annotated legislation service.".
504 _aIncludes index.
650 0 _aEminent domain
_zGreat Britain.
_913908
650 0 _aCompensation (Law)
_zGreat Britain.
_913909
650 0 _aSpecial assessments
_zGreat Britain.
_913910
650 0 _aReal property
_xValuation
_zGreat Britain.
_913911
942 _2ddc
_cBK
999 _c62686
_d62686